| 000 | 00424nam a2200145 a 4500 | ||
|---|---|---|---|
| 001 | 35484 | ||
| 005 | 20180714003833.0 | ||
| 008 | 140415s1978 000 0 spa d | ||
| 041 | _aspa | ||
| 082 |
_a624.18 _bPCI |
||
| 245 | 0 | 0 | _aPCI DESIGN HANDBOOK PRECAST PRESTRESSED CONCRETE |
| 260 |
_a[s.l.] : _bPRESTRESSED CONCRETE INSTITUTE, _c1978 |
||
| 300 | _a376 | ||
| 650 | 1 | 4 |
_aCONCRETO PRESFORZADO _xCONSTRUCCION |
| 999 |
_c35484 _d35484 |
||